000 03448nam0a2200373 4500
001 RU\NLR\BIBL_A\012609275
005 20211123112023.0
010 _a978-5-6045846-3-7
_996
021 _aRU
_bКН-П-21-038282
_9КН-П-21-2987
035 _a(NLR Aleph) 012609275
090 _a12604956
_c12604956
100 _a20211004d2021 k y0rusy50 ca
101 0 _arus
102 _aRU
105 _ay|||z|||100zy
181 0 _ai
_baxxe
182 0 _an
200 1 _aПравовая политика России и Южной Осетии в сфере реализации права человека на образование
_eсборник материалов Международной научно-практической конференции, Ставрополь-Цхинвал, 25-ноября 2020 г., проведенной в рамках реализации международного проекта "Конституционно-правовые основы и правовое регулирование интеграции образовательных пространств России и Южной Осетии в контексте права человека на образование: история, состояние и перспективы"
_fМинистерство науки и высшего образования Российской Федерации [и др.]
_gредакционная коллегия: главный редактор - кандидат юридических наук, доцент Трофимов Максим Сергеевич [и др.]
203 _aТекст
_bвизуальный
_cнепосредственный
210 _aСтаврополь
_cПараграф
_d2021
215 _a363, [1] с.
_d21
320 _aБиблиогр. в конце ст.
606 1 _aПраво на образование
_jСъезды, совещания и т.п
_2nlr_sh1
_2nlr_sh2
_3RU\NLR\AUTH\66895000
686 1 _aХ620.321я431
686 1 _aХ620.321(5Г-6Ю)я431
702 1 _aТрофимов
_bМ. С.
_cканд. юрид. наук
_f1980-
_gМаксим Сергеевич
_3RU\NLR\AUTH\770126748
_4340
711 0 2 _a"Конституционно-правовые основы и правовое регулирование интеграции образовательных пространств России и Южной Осетии в контексте права человека на образование: история, состояние и перспективы", международный проект
_3RU\NLR\AUTH\880519252
711 1 2 _a"Правовая политика России и Южной Осетии в сфере реализации права человека на образование", международная научно-практическая конференция
_f2020
_eСтаврополь/Цхинвал
_3RU\NLR\AUTH\880552624
712 0 1 _aРоссийская Федерация
_bМинистерство науки и высшего образования
_3RU\NLR\AUTH\880480400
_4570
942 _cBOOK
980 _aNB